A városi tanács vb üléséről jelentjük Júniusban tanácsülés : Elismerés társadalmi bizottságoknak : Új utca elnevezések : Intézményfelújítások
Elmentve itt :
| Dokumentumtípus: | Cikk |
|---|---|
| Megjelent: |
1983-05-27
|
| Sorozat: | Délmagyarország
73 No. 124 |
| Kulcsszavak: | városi tanács |
| Online Access: | http://dmarchiv.bibl.u-szeged.hu/114151 |
| LEADER | 00538nab a2200145 i 4500 | ||
|---|---|---|---|
| 001 | delm114151 | ||
| 005 | 20190627115721.0 | ||
| 008 | 190627s1983 hu o 0|| hun d | ||
| 040 | |a SZTE Délmagyarország Archívum |b hun | ||
| 041 | |a hun | ||
| 245 | 0 | 2 | |a A városi tanács vb üléséről jelentjük |h [elektronikus dokumentum] : |b Júniusban tanácsülés : Elismerés társadalmi bizottságoknak : Új utca elnevezések : Intézményfelújítások |
| 260 | |c 1983-05-27 | ||
| 300 | |a 3 | ||
| 490 | 0 | |a Délmagyarország |v 73 No. 124 | |
| 695 | |a városi tanács | ||